|
|
|
|
| LEADER |
03310njm a2200637 a 4500 |
| 001 |
001096149 |
| 003 |
CZ BrMZK |
| 005 |
20150204131056.0 |
| 007 |
sd fsngnnmmned |
| 008 |
100512s2009 xr mun ? ef lat d |
| 040 |
|
|
|a BOA001
|b cze
|
| 048 |
|
|
|a ca01
|
| 048 |
|
|
|a va01
|a sa01
|a kb01
|
| 048 |
|
|
|a kb01
|
| 048 |
|
|
|a ca01
|b kb01
|b ta01
|b vd01
|
| 072 |
|
7 |
|a 783
|x Církevní hudba. Duchovní hudba. Náboženská hudba
|2 Konspekt
|9 9
|
| 080 |
|
|
|a 783:78.087.684
|2 MRF
|
| 080 |
|
|
|a 786.61.083
|2 MRF
|
| 080 |
|
|
|a 786.61:783
|2 MRF
|
| 080 |
|
|
|a (086.76)
|2 MRF
|
| 110 |
2 |
|
|a Vox Iuvenalis (pěvecký sbor)
|7 mzk2010581833
|
| 245 |
1 |
0 |
|a Exaudi Deus
|h [zvukový záznam] :
|b [hudba starobrněnského kůru
|
| 260 |
|
|
|a Brno :
|b VOX IUVENALIS,
|c [2009]
|
| 300 |
|
|
|a 1 zvuková deska (51:19) :
|b digital ;
|c 12 cm
|
| 306 |
|
|
|a 005119
|
| 500 |
|
|
|a Kompaktní deska (DDD)
|
| 500 |
|
|
|a Podnázev z pouzdra
|
| 505 |
0 |
0 |
|t Exaudi Deus II /
|r Leoš Janáček --
|t Varhanní improvizace na téma Exaudi Deus II --
|t Vidi aquam /
|r Antonio Caldara --
|t Varhanní improvizace na téma Exaudi Deus I --
|t Exaudi Deus I --
|t Regnum mundi --
|t Zdrávas Maria --
|t Exurge Domine /
|r Leoš Janáček --
|t Asperges me /
|r F.X. Brixi --
|t Varhanní improvizace na téma In nomine Jesu --
|t Introitus In nomine Jesu /
|r Leoš Janáček --
|t Ave /
|r Miroslav Příhoda --
|t Communio Fidelis servus --
|t Benedictus /
|r Leoš Janáček --
|t Graduale in Dominica Resurrections /
|r Pavel Křížkovský --
|t Otčenáš /
|r Leoš Janáček
|
| 511 |
0 |
|
|a Petr Levíček, tenor ; Helena Škarková, soprán ; Martin Jakubíček, varhany a další ; Pěvecký sbor VUT v Brně Vox Iuvenalis, dirigent Jan Ocetek
|
| 518 |
|
|
|a Nahráno na kůru Starobrněnské baziliky 13. června 2009
|
| 546 |
|
|
|a Informace v pouzdře česky a anglicky
|
| 650 |
0 |
7 |
|a duchovní hudba (smíšený sbor)
|7 ph321446
|2 czenas
|
| 650 |
0 |
7 |
|a drobné skladby (varhany)
|7 ph317290
|2 czenas
|
| 650 |
0 |
7 |
|a duchovní hudba (varhany)
|7 ph315387
|2 czenas
|
| 655 |
|
7 |
|a kompaktní desky
|7 fd201991
|2 czenas
|
| 700 |
1 |
2 |
|a Janáček, Leoš,
|d 1854-1928.
|t Exaudi Deus I
|
| 700 |
1 |
2 |
|a Janáček, Leoš,
|d 1854-1928.
|t Exaudi Deus II
|
| 700 |
1 |
2 |
|a Caldara, Antonio,
|d 1670-1736.
|t Vidi aquam
|
| 700 |
1 |
2 |
|a Janáček, Leoš,
|d 1854-1928.
|t Regnum mundi
|
| 700 |
1 |
2 |
|a Janáček, Leoš,
|d 1854-1928.
|t Zdrávas Maria
|7 aun2013776950
|
| 700 |
1 |
2 |
|a Janáček, Leoš,
|d 1854-1928.
|t Exurge Domine
|
| 700 |
1 |
2 |
|a Brixi, František Xaver,
|d 1732-1771.
|t Asperges me
|
| 700 |
1 |
2 |
|a Janáček, Leoš,
|d 1854-1928.
|t Introitus In nomine Jesu
|
| 700 |
1 |
2 |
|a Příhoda, Miroslav,
|d 1912-1988.
|t Ave
|
| 700 |
1 |
2 |
|a Janáček, Leoš,
|d 1854-1928.
|t Communio Fidelis servus
|
| 700 |
1 |
2 |
|a Janáček, Leoš,
|d 1854-1928.
|t Benedictus
|
| 700 |
1 |
2 |
|a Křížkovský, Pavel,
|d 1820-1885.
|t Graduale in Dominica Resurrections
|
| 700 |
1 |
2 |
|a Janáček, Leoš,
|d 1854-1928.
|t Otče náš
|7 aun2008477641
|
| 700 |
1 |
|
|a Levíček, Petr
|7 mzk2010581785
|4 sng
|
| 700 |
1 |
|
|a Škarková, Hana,
|d 1978-
|7 mzk2010581783
|4 sng
|
| 700 |
1 |
2 |
|a Jakubíček, Martin,
|d 1965-
|7 ola2002146627
|4 itr
|
| 700 |
1 |
|
|a Ocetek, Jan,
|d 1972-
|7 jam2009494446
|4 cnd
|
| 910 |
|
|
|a BOA001
|b CDR-1236.710
|
| 990 |
|
|
|a AV
|
| 991 |
|
|
|b 201006
|
| 996 |
6 |
|
|b 2610437834
|c CDR-1236.710
|l MZK
|r Sklad / do 24 hodin
|n 1
|p p.v.
|w 001122703
|u 000010
|a 1
|e BOA001
|j MZK50
|s P
|